| 000 | 01034cam a22002898i 4500 | ||
|---|---|---|---|
| 001 | 18635021 | ||
| 003 | LC | ||
| 005 | 20170209143751.0 | ||
| 008 | 150528s2015 enk b 001 0 eng | ||
| 010 | _a 2015019960 | ||
| 020 | _a9781118468128 (cloth) | ||
| 020 | _a9781118468111 (pbk.) | ||
| 040 |
_aDLC _beng _cDLC _erda |
||
| 042 | _apcc | ||
| 050 | 0 | 0 |
_aBF 636.6 _b.C485 2015 |
| 082 | 0 | 0 | _a158.3 |
| 100 | 1 | _aChao, Ruth Chu-Lien. | |
| 245 | 1 | 0 |
_aCounseling psychology : _ban integrated approach / _cRuth Chu-Lien Chao. |
| 260 |
_aWest Sussex : _bWiley Blackwell, _c2015 |
||
| 263 | _a1508 | ||
| 504 | _aIncludes bibliographical references and index. | ||
| 650 | 0 | _aCounseling psychology. | |
| 776 | 0 | 8 |
_iOnline version: _aChao, Ruth Chu-Lien. _tCounseling psychology _dChichester, West Sussex, UK : John Wiley and Sons, Inc., 2015 _z9781118468098 _w(DLC) 2015021539 |
| 906 |
_a7 _bcbc _corignew _d1 _eecip _f20 _gy-gencatlg |
||
| 942 |
_2lcc _cBK |
||
| 999 |
_c306689 _d306689 |
||